[Event "Chigorin Memorial 28th"]
[Site "St Petersburg"]
[Date "2021.10.27"]
[Round "5"]
[White "Korsakov, Egor"]
[Black "Bezhenar, Georgy"]
[Result "0-1"]
[WhiteElo "1500"]
[BlackElo "1855"]
[PlyCount "108"]
[EventDate "2021.10.23"]
[EventType "swiss"]
[EventRounds "9"]
[EventCountry "RUS"]
[SourceTitle "EXT 2023"]
[Source "ChessBase"]
[SourceDate "2022.10.05"]
[SourceVersion "1"]
[SourceVersionDate "2022.10.05"]
[SourceQuality "1"]

1. c4 e6 2. Nc3 d5 3. cxd5 exd5 4. e3 Nf6 5. Nf3 c6 6. Be2 Bd6 7. d3 0-0 8. 0-0 Bf5 9. Re1 h6 10. a3 a5 11. d4 Nbd7 12. h3 Re8 13. Bd3 Ne4 14. Qc2 Ndf6 15. Nd2 Bh7 16. Ncxe4 Nxe4 17. Nxe4 Bxe4 18. Bxe4 Rxe4 19. Bd2 Qe7 20. b4 axb4 21. axb4 Re8 22. Reb1 g5 23. Qd1 f5 24. b5 g4 25. bxc6 bxc6 26. g3 gxh3 27. Qh5 Qg7 28. Kh2 R8e6 29. Ra8+ Kh7 30. Qxf5+ Rg6 31. Rd8 Ree6 32. Bb4 Ref6 33. Qc2 Rxf2+ 34. Qxf2 Bxg3+ 35. Qxg3 Rxg3 36. Bf8 Rg2+ 37. Kh1 Qc7 38. Rd6 Kg8 39. Rf1 h5 40. Rf3 Qh7 41. Rxh3 Qe4 42. Re6 Qxe6 43. Kxg2 Kxf8 44. Rf3+ Kg7 45. Rg3+ Kf6 46. Kh1 h4 47. Rf3+ Kg5 48. Kh2 Qg4 49. Rf8 Qe2+ 50. Kh1 Qxe3 51. Rg8+ Kf4 52. Rf8+ Ke4 53. Rg8 Kxd4 54. Kh2 Qg3+ 0-1

[Event "Chigorin Memorial 28th"]
[Site "St Petersburg"]
[Date "2021.10.26"]
[Round "4"]
[White "Bezhenar, Georgy"]
[Black "Shishkin, Vladislav"]
[Result "0-1"]
[WhiteElo "1855"]
[BlackElo "1568"]
[PlyCount "88"]
[EventDate "2021.10.23"]
[EventType "swiss"]
[EventRounds "9"]
[EventCountry "RUS"]
[SourceTitle "EXT 2023"]
[Source "ChessBase"]
[SourceDate "2022.10.05"]
[SourceVersion "1"]
[SourceVersionDate "2022.10.05"]
[SourceQuality "1"]

1. d4 d5 2. Nf3 Nf6 3. c4 e6 4. g3 Be7 5. Bg2 0-0 6. 0-0 c6 7. Nbd2 Nbd7 8. Qc2 b6 9. e4 dxe4 10. Nxe4 Bb7 11. Nxf6+ Nxf6 12. c5 Nd5 13. Bd2 Qc7 14. Rfe1 Rad8 15. Rac1 bxc5 16. dxc5 Bf6 17. a3 h6 18. Re4 Bc8 19. Rce1 Rfe8 20. Ne5 Bxe5 21. Rxe5 f6 22. Rh5 Qf7 23. Rh4 e5 24. Ba5 Rd7 25. Be4 Rf8 26. Bh7+ Kh8 27. Bg6 Qe7 28. Bd2 Rb7 29. Qc1 Kg8 30. b4 f5 31. Bxh6 gxh6 32. Qxh6 Qg7 33. Qg5 Rf6 34. Bh7+ Kf8 35. Qh5 Re7 36. Kh1 Bd7 37. b5 cxb5 38. Qd1 Bc6 39. Kg1 Rff7 40. Qb1 Qf6 41. Rh5 Bd7 42. c6 Be6 43. Bxf5 Bxf5 44. Qxb5 Bg4 0-1

[Event "Voronezh op-B 23rd"]
[Site "Voronezh"]
[Date "2019.06.19"]
[Round "8"]
[White "Druchenko, Mikhail"]
[Black "Bezhenar, Georgy"]
[Result "1-0"]
[WhiteElo "1774"]
[BlackElo "1944"]
[PlyCount "89"]
[EventDate "2019.06.12"]
[EventType "swiss"]
[EventRounds "9"]
[EventCountry "RUS"]
[SourceTitle "EXT 2020"]
[Source "ChessBase"]
[SourceDate "2019.10.17"]
[SourceVersion "1"]
[SourceVersionDate "2019.10.17"]
[SourceQuality "1"]

1. e4 e6 2. d4 d5 3. e5 c5 4. c3 Nc6 5. Nf3 Qb6 6. a3 Bd7 7. b4 cxd4 8. cxd4 Rc8 9. Bb2 Na5 10. Nbd2 Nc4 11. Nxc4 dxc4 12. Rc1 Qa6 13. Nd2 b5 14. Be2 Ne7 15. Ne4 Nd5 16. 0-0 Bc6 17. Nc3 Qb7 18. Nxd5 Bxd5 19. f3 Be7 20. Bc3 0-0 21. a4 a6 22. Rf2 Rfd8 23. a5 Rd7 24. Qd2 Rcd8 25. Qe3 Bf8 26. Bd1 g6 27. Bc2 Bc6 28. Rd1 Qa7 29. Rfd2 Bg7 30. h4 Rd5 31. f4 Qb7 32. g4 R5d7 33. Rf2 Qc7 34. Rdf1 Bb7 35. f5 Qc6 36. Kh2 exf5 37. gxf5 Re8 38. Qf4 Bf8 39. h5 f6 40. fxg6 hxg6 41. Bxg6 Red8 42. h6 Be7 43. Rg1 Kh8 44. d5 Qxd5 45. exf6 1-0

[Event "Voronezh op-B 23rd"]
[Site "Voronezh"]
[Date "2019.06.18"]
[Round "7"]
[White "Bezhenar, Georgy"]
[Black "Zhuravlev, Ignat"]
[Result "1-0"]
[WhiteElo "1944"]
[BlackElo "1689"]
[PlyCount "103"]
[EventDate "2019.06.12"]
[EventType "swiss"]
[EventRounds "9"]
[EventCountry "RUS"]
[SourceTitle "EXT 2020"]
[Source "ChessBase"]
[SourceDate "2019.10.17"]
[SourceVersion "1"]
[SourceVersionDate "2019.10.17"]
[SourceQuality "1"]

1. d4 e6 2. c4 b6 3. a3 Bb7 4. Nc3 f5 5. Nf3 Nf6 6. g3 Be7 7. d5 0-0 8. Bg2 Na6 9. b4 Re8 10. 0-0 Ne4 11. Bb2 Bf6 12. Rc1 Qe7 13. Nd4 Bxd4 14. Qxd4 Nxc3 15. Qxc3 Rab8 16. Rfd1 exd5 17. cxd5 d6 18. Rd3 Rf8 19. Re3 Qd7 20. Re6 Rf7 21. h4 Rbf8 22. h5 Rf6 23. h6 Rxh6 24. Rxh6 gxh6 25. Qh8+ Kf7 26. Qxh7+ Ke8 27. Qxh6 Qf7 28. Rc3 Kd8 29. Re3 Nb8 30. Re6 Nd7 31. Qg5+ Kc8 32. Re7 Qg8 33. Rg7 Qh8 34. Qe7 Rd8 35. Bf6 Ba6 36. Qxd8+ Qxd8 37. Bxd8 Kxd8 38. e4 fxe4 39. Bxe4 Nf6 40. Bf3 Bc4 41. g4 Nxd5 42. Bxd5 Bxd5 43. f4 c5 44. bxc5 bxc5 45. Rxa7 c4 46. Kf2 c3 47. Ke3 Be4 48. f5 d5 49. Ra5 Ke7 50. Rc5 c2 51. a4 Kd6 52. Kd4 1-0

[Event "Voronezh op-B 23rd"]
[Site "Voronezh"]
[Date "2019.06.13"]
[Round "2"]
[White "Vlasova, Olesia"]
[Black "Bezhenar, Georgy"]
[Result "1-0"]
[WhiteElo "1690"]
[BlackElo "1944"]
[PlyCount "91"]
[EventDate "2019.06.12"]
[EventType "swiss"]
[EventRounds "9"]
[EventCountry "RUS"]
[SourceTitle "EXT 2020"]
[Source "ChessBase"]
[SourceDate "2019.10.17"]
[SourceVersion "1"]
[SourceVersionDate "2019.10.17"]
[SourceQuality "1"]

1. Nf3 Nf6 2. c4 e6 3. g3 b6 4. Bg2 Bb7 5. 0-0 c5 6. Nc3 Be7 7. b3 0-0 8. Bb2 d5 9. e3 Nbd7 10. Qe2 a6 11. Rfd1 Qc7 12. Rac1 Rac8 13. cxd5 Nxd5 14. d4 Nxc3 15. Rxc3 Qb8 16. Rcc1 Bf6 17. dxc5 Bxb2 18. Qxb2 Nxc5 19. Nd4 Bxg2 20. Kxg2 Qb7+ 21. f3 Rfd8 22. Qe2 g6 23. e4 e5 24. Nc2 Ne6 25. Rxd8+ Rxd8 26. Nb4 b5 27. Nd5 Kg7 28. Qc2 Rd7 29. Qc6 a5 30. Qc3 Nd4 31. Qxa5 Rxd5 32. exd5 Qxd5 33. Rf1 e4 34. Qc3 exf3+ 35. Kf2 f6 36. Rd1 Qe5 37. Qe3 Qxe3+ 38. Kxe3 Ne2 39. Kxf3 Nc3 40. Ra1 b4 41. Ke3 f5 42. Kd3 g5 43. a4 Kf6 44. a5 Nb5 45. a6 Na7 46. Ra4 1-0

[Event "Voronezh op-B 20th"]
[Site "Voronezh"]
[Date "2016.06.14"]
[Round "3"]
[White "Bezhenar, Georgy"]
[Black "Stepanyan, Eva"]
[Result "1-0"]
[WhiteElo "2007"]
[BlackElo "1753"]
[PlyCount "77"]
[EventDate "2016.06.12"]
[EventType "swiss"]
[EventRounds "9"]
[EventCountry "RUS"]
[SourceTitle "EXT 2017"]
[Source "ChessBase"]
[SourceDate "2016.10.25"]
[SourceVersion "1"]
[SourceVersionDate "2016.10.25"]
[SourceQuality "1"]

1. d4 Nf6 2. c4 e6 3. Nf3 b6 4. a3 Bb7 5. Nc3 d5 6. cxd5 Nxd5 7. Qc2 Nxc3 8. Qxc3 Nd7 9. Bg5 Qc8 10. b4 a6 11. Rc1 Bd6 12. d5 0-0 13. dxe6 fxe6 14. e3 Bxf3 15. gxf3 Ne5 16. f4 Nf3+ 17. Ke2 Nxg5 18. Rg1 Qd7 19. Rxg5 Qf7 20. Bh3 g6 21. Rcg1 Rae8 22. R1g2 Be7 23. R5g3 Bd8 24. Qc2 Bf6 25. f5 exf5 26. Bxf5 Kh8 27. Bxg6 hxg6 28. Rxg6 Qh7 29. Qc6 Qh5+ 30. f3 Rxe3+ 31. Kxe3 Bd4+ 32. Kd2 Be3+ 33. Kxe3 Qe5+ 34. Qe4 Qc3+ 35. Kf2 Rxf3+ 36. Qxf3 Qc2+ 37. Kg1 Qc1+ 38. Qf1 Qe3+ 39. Kh1 1-0

[Event "Voronezh op-B 19th"]
[Site "Voronezh"]
[Date "2015.06.19"]
[Round "7"]
[White "Artemov, Nikita"]
[Black "Bezhenar, Georgy"]
[Result "1-0"]
[WhiteElo "2106"]
[BlackElo "1967"]
[PlyCount "39"]
[EventDate "2015.06.12"]
[EventType "swiss"]
[EventRounds "9"]
[EventCountry "RUS"]
[SourceTitle "CBM 167 Extra"]
[Source "ChessBase"]
[SourceDate "2015.09.14"]
[SourceVersion "1"]
[SourceVersionDate "2015.09.14"]
[SourceQuality "1"]

1. e4 e6 2. d4 d5 3. Nc3 Bb4 4. Bd2 dxe4 5. Qg4 Nf6 6. Qxg7 Rg8 7. Qh6 Qxd4 8. 0-0-0 Bf8 9. Qh4 Rg4 10. Qh3 Qxf2 11. Bb5+ Bd7 12. Rf1 Qd4 13. Nge2 Qe5 14. Rxf6 e3 15. Bxe3 Bxb5 16. Nxb5 Re4 17. Qxh7 Nd7 18. Qxf7+ Kd8 19. Rd1 Bd6 20. Qg8+ 1-0

[Event "Chigorin Memorial 22nd"]
[Site "St Petersburg"]
[Date "2014.10.20"]
[Round "3"]
[White "Tonkoshkur, Daniil"]
[Black "Bezhenar, Georgy"]
[Result "0-1"]
[WhiteElo "1721"]
[BlackElo "1969"]
[PlyCount "82"]
[EventDate "2014.10.18"]
[EventType "swiss"]
[EventRounds "9"]
[EventCountry "RUS"]
[SourceTitle "EXT 2015"]
[Source "ChessBase"]
[SourceDate "2014.11.20"]
[SourceVersion "1"]
[SourceVersionDate "2014.11.20"]
[SourceQuality "1"]

1. d4 e6 2. Nf3 Nf6 3. c4 Bb4+ 4. Bd2 Qe7 5. Qb3 a5 6. e3 0-0 7. Bd3 Nc6 8. Nc3 d6 9. 0-0 e5 10. Nd5 Nxd5 11. cxd5 e4 12. dxc6 exf3 13. Bxb4 Qg5 14. g3 Qg4 15. Rfc1 axb4 16. cxb7 Bxb7 17. Rxc7 Ba6 18. Bxa6 Rxa6 19. Qc4 Ra5 20. Qf1 Rh5 21. Rac1 Rh3 22. Kh1 h5 23. d5 Qf5 24. R7c4 g5 25. e4 Qd7 26. Rc7 Qg4 27. R1c4 h4 28. e5 Qf5 29. exd6 hxg3 30. fxg3 Qxd5 31. R7c5 Qd2 32. Rxg5+ Qxg5 33. Qxh3 f2 34. Qg2 Re8 35. h4 Qf6 36. Rf4 Re1+ 37. Kh2 f1Q 38. Rxf6 Qxf6 39. Qd2 Rf1 40. Kg2 Qf3+ 41. Kh3 Rh1+ 0-1

[Event "Moscow-ch U18"]
[Site "Moscow"]
[Date "2010.12.02"]
[Round "6"]
[White "Tereshechkina, Maya"]
[Black "Bezhenar, Georgy"]
[Result "0-1"]
[WhiteElo "2016"]
[BlackElo "1857"]
[PlyCount "96"]
[EventDate "2010.11.21"]
[EventType "swiss"]
[EventRounds "9"]
[EventCountry "RUS"]
[SourceTitle "EXT 2012"]
[Source "ChessBase"]
[SourceDate "2011.11.24"]
[SourceVersion "1"]
[SourceVersionDate "2011.11.24"]
[SourceQuality "1"]

1. d4 Nf6 2. c4 e6 3. Nc3 Bb4 4. e3 0-0 5. Bd3 d5 6. Nge2 c5 7. 0-0 dxc4 8. Bxc4 cxd4 9. exd4 Nc6 10. Bg5 Be7 11. a3 a6 12. a4 Nb4 13. Qb3 Nc6 14. Qd1 Qc7 15. Bf4 Bd6 16. Bxd6 Qxd6 17. Qd3 Rd8 18. Rad1 Bd7 19. Ne4 Nxe4 20. Qxe4 Nb4 21. Qxb7 Bxa4 22. b3 Bc6 23. Qb6 Rab8 24. Qc5 Qd7 25. h3 Qb7 26. Nf4 Nd5 27. Nd3 Nc3 28. Bxa6 Ne2+ 29. Kh1 Qxa6 30. Nb4 Bxg2+ 31. Kxg2 Qb7+ 32. Nc6 Rbc8 33. d5 Nf4+ 34. Kg3 Nxd5 35. Rxd5 exd5 36. Ne7+ Kh8 37. Nxc8 Rxc8 38. Qe3 h6 39. Rd1 Rb8 40. Rd3 Qd7 41. Qf4 Rb6 42. Kh2 Rf6 43. Qe3 Qd6+ 44. Qg3 Rxf2+ 45. Kg1 Qxg3+ 46. Rxg3 Rb2 47. Rd3 Kh7 48. Rxd5 Rxb3 0-1

[Event "Moscow-ch U18"]
[Site "Moscow"]
[Date "2010.11.28"]
[Round "4"]
[White "Kuzanov, Artem"]
[Black "Bezhenar, Georgy"]
[Result "0-1"]
[WhiteElo "1974"]
[BlackElo "1857"]
[PlyCount "108"]
[EventDate "2010.11.21"]
[EventType "swiss"]
[EventRounds "9"]
[EventCountry "RUS"]
[SourceTitle "EXT 2012"]
[Source "ChessBase"]
[SourceDate "2011.11.24"]
[SourceVersion "1"]
[SourceVersionDate "2011.11.24"]
[SourceQuality "1"]

1. e4 e6 2. d4 d5 3. exd5 exd5 4. Bd3 Bd6 5. Qf3 Ne7 6. Ne2 0-0 7. 0-0 c6 8. c3 Qc7 9. h3 Ng6 10. Nd2 Nd7 11. Bxg6 fxg6 12. Qd3 Nf6 13. Ng3 Bd7 14. Nb3 Rae8 15. Nc5 Bc8 16. Bg5 b6 17. Bxf6 Rxf6 18. Nb3 Ref8 19. Nd2 Be6 20. b3 Qd7 21. c4 Bb8 22. cxd5 cxd5 23. Rae1 Qd6 24. Re2 Bf5 25. Qb5 Bd7 26. Qd3 Qb4 27. Rfe1 Bb5 28. a3 Bxd3 29. axb4 Bxe2 30. Rxe2 Kf7 31. Nf3 h6 32. Nf1 Rc6 33. b5 Rc1 34. g3 Rc3 35. N1d2 Re8 36. Rxe8 Kxe8 37. Kf1 Bd6 38. Ke2 Ba3 39. Ne5 Bc1 40. Nc6 Bxd2 41. Kxd2 Rxb3 42. Nxa7 Kd7 43. h4 Kc7 44. Ke2 Kb7 45. Nc6 Rxb5 46. Ne7 Kc7 47. Nxg6 Rb4 48. Kd3 Rb3+ 49. Ke2 Kd6 50. h5 b5 51. Nh4 Ke6 52. g4 b4 53. Nf5 Rc3 54. Kd2 Rc7 0-1